[Event "sampa"]
[Site "http://www.queenalice.com/game.php?id=74686"]
[Date "2006.6.6"]
[Round "-"]
[White "Simone"]
[Black "charles31"]
[Result "1-0"]
[WhiteElo "1734"]
[BlackElo "1577"]

1. b3 e5 2. Bb2 Nc6 3. e3 d6 4. Bb5 Bd7 5. Bc3 a6 6. Bc4 Qg5 7. Bf1 Be7 8. Nf3
Qg6 9. h3 Nf6 10. d3 Nd5 11. e4 Nf6 12. Ba5 Nxa5 13. Nc3 Bc6 14. b4 d5 15. bxa5
Bb4 16. Rb1 Bxc3+ 17. Ke2 d4 18. Nxe5 Qh5+ 19. Nf3 O-O 20. g3 Rfe8 21. Bg2 Bxe4
22. dxe4 Nxe4 23. Kf1 c5 24. g4 Qh6 25. Kg1 Re7 26. Rb6 Qf4 27. Rb1 Nd2 28. Nxd2
Bxd2 29. Qf3 Rae8 30. Qxf4 Bxa5 31. Qd6 Bc7 32. Qxc5 Be5 33. Bxb7 Bf6 34. Bxa6
h6 35. Bb5 Rd8 36. Qb6 Re6 37. Qa5 Re5 38. Kg2 d3 39. cxd3 Bh4 40. Qc7 Re2 41.
Rhf1 1-0

[Event "partida02"]
[Site "http://www.queenalice.com/game.php?id=77656"]
[Date "2006.6.17"]
[Round "-"]
[White "Simone"]
[Black "lobo"]
[Result "0-1"]
[WhiteElo "1762"]
[BlackElo "1677"]

1. e4 b6 2. d4 e6 3. e5 Bb7 4. Nf3 Ne7 5. Bg5 h6 6. Bh4 g5 7. Bg3 Nf5 8. c3 g4
9. Ng1 Nxg3 10. hxg3 Qg5 11. Ne2 Nc6 12. Nf4 O-O-O 13. Rh5 Qg7 14. Nd2 Ne7 15.
Rh4 Nf5 16. Rxg4 Qh7 17. Nh5 Be7 18. Qe2 d6 19. Ne4 Bxe4 20. Qxe4 d5 21. Qd3 Kd7
22. Qb5+ c6 23. Qa4 Ra8 24. Bd3 Bg5 25. f4 Be7 26. Qc2 Rhg8 27. Rxg8 Rxg8 28.
Bxf5 exf5 29. Kf2 Qg6 30. Rh1 b5 31. b4 a6 32. Qe2 Ra8 33. Qd1 Bd8 34. Qe2 a5
35. a3 Bb6 36. Re1 axb4 37. Nf6+ Ke6 0-1

[Event "tupiniquim    "]
[Site "http://www.queenalice.com/game.php?id=86949"]
[Date "2006.7.17"]
[Round "-"]
[White "Simone"]
[Black "rockaudrey"]
[Result "0-1"]
[WhiteElo "1726"]
[BlackElo "1721"]

1. e4 g6 2. e5 Bg7 3. d4 Nc6 4. Nf3 d6 5. exd6 cxd6 6. Bb5 Bd7 7. h3 Nf6 8. c3
O-O 9. Be3 a6 10. Bd3 b5 11. g4 Qc8 12. Nh4 Na5 13. Nd2 Qb7 14. Ke2 Bc6 15. f3
Nd5 16. g5 Nxe3 17. Kxe3 f5 18. Kf2 Rae8 19. a3 e5 20. dxe5 Bxe5 21. Ng2 Qb6+
22. Kf1 Bg3 23. c4 Qf2# 0-1

[Event "tupiniquim    "]
[Site "http://www.queenalice.com/game.php?id=86950"]
[Date "2006.7.17"]
[Round "-"]
[White "Simone"]
[Black "Xavier"]
[Result "1-0"]
[WhiteElo "1722"]
[BlackElo "1642"]

1. e4 d5 2. e5 c6 3. d4 Qb6 4. h3 c5 5. c3 cxd4 6. cxd4 Qb4+ 7. Nc3 Qa5 8. Bb5+
Bd7 9. Bxd7+ Nxd7 10. Qh5 e6 11. Ne2 Rc8 12. Bd2 g6 13. Qf3 Bb4 14. a3 Nb6 15.
O-O Nc4 16. axb4 Qxb4 17. Bc1 a6 18. Na2 Nd2 19. Nxb4 Nxf3+ 20. gxf3 Rc4 21. Nd3
Ne7 22. b3 Rc3 23. Nxc3 O-O 24. Ba3 Rc8 25. Rfc1 Nf5 26. Kg2 Nxd4 27. Rab1 Nb5
28. Nxb5 Rxc1 29. Rxc1 axb5 30. Rc8+ 1-0

[Event "tupiniquim    "]
[Site "http://www.queenalice.com/game.php?id=86952"]
[Date "2006.7.17"]
[Round "-"]
[White "Simone"]
[Black "MarcosT"]
[Result "1-0"]
[WhiteElo "1714"]
[BlackElo "1700"]

1. e4 c6 2. d4 d5 3. e5 c5 4. dxc5 Nc6 5. Bb5 a6 6. Bxc6+ bxc6 7. a4 g6 8. a5
Bg7 9. Qe2 Qc7 10. Nf3 e6 11. Bf4 Ne7 12. c3 O-O 13. h4 Nf5 14. g4 Ne7 15. Qe3
Bb7 16. Nd4 Rab8 17. Nd2 Bc8 18. b4 Bd7 19. N2f3 Kh8 20. h5 gxh5 21. gxh5 Nf5
22. Nxf5 exf5 23. h6 Rg8 24. hxg7+ Rxg7 25. e6 fxe6 26. Bxc7 1-0

[Event "Challenge"]
[Site "http://www.queenalice.com/game.php?id=90811"]
[Date "2006.7.30"]
[Round "-"]
[White "Simone"]
[Black "petrossian"]
[Result "0-1"]
[WhiteElo "1726"]
[BlackElo "1788"]

1. e4 c6 2. e5 d6 3. Qh5 g6 4. Qe2 Bg7 5. exd6 Qxd6 6. h3 Nf6 7. d3 O-O 8. c3
Re8 9. Na3 b5 10. Nc2 e5 11. Qd1 e4 12. d4 Nbd7 13. Be2 Nd5 14. a3 N7b6 15. Be3
Na4 16. Qc1 a5 17. Bd2 f5 18. g3 Nab6 19. h4 Nc4 20. Bxc4 bxc4 21. Ne2 c5 22.
dxc5 Qxc5 23. Ned4 Bb7 24. O-O Nf6 25. Ne3 Nd5 26. Nec2 Rad8 27. Re1 Qb6 28. Rb1
Nf6 29. Ne3 Bd5 30. Kh2 Bf7 31. Kg1 Qc7 32. Rf1 Nh5 33. Ne2 Rd3 34. Ng2 Red8 35.
Rd1 Qd6 36. Bf4 Rxd1+ 37. Qxd1 Qxd1+ 38. Rxd1 Rxd1+ 39. Kh2 Nxf4 40. Ngxf4 Rd2
41. b4 axb4 42. axb4 Bh6 43. Kg2 Bxf4 44. Nxf4 Rc2 45. Kf1 Rxc3 46. Ne2 Rb3 47.
Kg2 Rxb4 48. Nd4 c3 49. Nc2 Rb2 50. Ne3 c2 51. Nxc2 Rxc2 52. Kf1 Bc4+ 53. Kg2 e3
54. Kf3 exf2 55. Kf4 f1=Q+ 56. Kg5 Kg7 57. h5 h6+ 58. Kh4 Rh2# 0-1

[Event "Challenge"]
[Site "http://www.queenalice.com/game.php?id=100269"]
[Date "2006.8.28"]
[Round "-"]
[White "jeancarlo1910"]
[Black "Simone"]
[Result "0-1"]
[WhiteElo "1518"]
[BlackElo "1718"]

1. e4 e5 2. Nc3 Bb4 3. Nf3 Bxc3 4. dxc3 d6 5. Bc4 h6 6. O-O g5 7. b4 Nf6 8. Bxg5
hxg5 9. Bxf7+ Kxf7 10. Nxg5+ Ke7 11. f4 Bg4 12. Qd2 exf4 13. Qxf4 Qf8 14. e5
dxe5 15. Qxe5+ Kd7 16. Qb5+ Kc8 17. Ne4 Nbd7 18. a4 Qh6 19. Nxf6 Qxh2+ 20. Kf2
Qf4+ 21. Ke1 Qe3+ 0-1

[Event "Challenge"]
[Site "http://www.queenalice.com/game.php?id=102990"]
[Date "2006.9.6"]
[Round "-"]
[White "Simone"]
[Black "VypeR"]
[Result "1-0"]
[WhiteElo "1731"]
[BlackElo "1603"]

1. e4 e5 2. Bc4 Nf6 3. Qf3 d6 4. h3 g6 5. b3 Nc6 6. Bb5 Bd7 7. Bf1 Bg7 8. d3 O-O
9. g4 Nd4 10. Qd1 b6 11. Nf3 Nxf3+ 12. Qxf3 c5 13. g5 Nh5 14. h4 b5 15. Be2 a5
16. Qg2 Nf4 17. Bxf4 exf4 18. c3 Bc6 19. Kd2 c4 20. d4 cxb3 21. axb3 b4 22. Bc4
Rb8 23. Kd3 Bb5 24. f3 Bxc4+ 25. bxc4 b3 26. Qb2 Qb6 27. Nd2 Ra8 28. Ra4 Rfb8
29. Rha1 Bf8 30. R1a3 d5 31. Rxb3 dxc4+ 32. Nxc4 Qa6 33. Rxb8 Rxb8 34. Qxb8 Kg7
35. Qe5+ Kg8 36. Rxa5 Qc6 37. Qb8 Qe6 38. Ra8 Qe7 39. Qxf4 Qb7 40. Qb8 Qd7 41.
Qxf8# 1-0

[Event "Challenge"]
[Site "http://www.queenalice.com/game.php?id=105652"]
[Date "2006.9.14"]
[Round "-"]
[White "paulorobinsonben"]
[Black "Simone"]
[Result "1/2-1/2"]
[WhiteElo "1797"]
[BlackElo "1706"]

1. e4 e5 2. Nf3 Qf6 3. d3 h6 4. b3 Nc6 5. Nc3 Bb4 6. Bd2 Bxc3 7. Bxc3 Nge7 8. d4
d6 9. d5 Nb8 10. Bb5+ Bd7 11. Bxd7+ Nxd7 12. O-O g5 13. h3 h5 14. Bd2 g4 15.
hxg4 hxg4 16. Nh2 Qh4 17. f3 Qxh2+ 18. Kf2 Qh4+ 19. Ke2 gxf3+ 20. gxf3 Ng6 21.
Rg1 Qh2+ 22. Ke3 Qh6+ 23. Ke2 Qh2+ 24. Ke3 Qf4+ 25. Ke2 Rh2+ 26. Kd3 Nc5+ 27.
Kc3 Nxe4+ 28. fxe4 Qxe4 29. Kb2 Qxd5 30. Bg5 Qe6 31. Qf1 a6 32. Re1 Kd7 33. Rh1
Rxh1 34. Qxh1 c6 35. Rf1 Rh8 36. Qg1 Kc7 37. Rf6 Qd7 38. Qf2 Rh7 39. Qa7 Ne7 40.
Bd2 Qc8 41. Bb4 c5 42. Ba5+ Kd7 43. Qb6 Nc6 44. b4 Ke7 45. Rf2 cxb4 46. Bxb4
Nxb4 47. Qxb4 Qd7 48. Re2 f6 49. Re3 Qb5 50. Qxb5 axb5 51. Rb3 Kd7 52. Rxb5 Kc6
53. c4 Rh2+ 54. Kb3 Rh3+ 55. Kb4 Rh1 56. Ka5 Rc1 57. Ka4 Rxc4+ 58. Ka5 Rc2 59.
a4 Kc7 60. Rb3 Rc5+ 61. Kb4 b6 62. Rf3 Kc6 63. Rxf6 b5 64. a5 Rc4+ 65. Kb3 Ra4
66. Rf8 Rxa5 67. Rc8+ Kb7 68. Rd8 Kc7 69. Rg8 Ra4 70. Rg2 Kc6 71. Rc2+ Rc4 72.
Ra2 Kc5 73. Ra8 Rb4+ 74. Kc3 e4 75. Rc8+ Kd5 76. Kxb4 Kd4 77. Kxb5 e3 78. Kb4 e2
79. Re8 Kd3 80. Kb3 d5 81. Kb4 d4 82. Kc5 Kd2 83. Kxd4 e1=Q 84. Rxe1 Kxe1 85.
Ke3 Kd1 1/2-1/2

[Event "Revanche"]
[Site "http://www.queenalice.com/game.php?id=112221"]
[Date "2006.10.2"]
[Round "-"]
[White "MarcosT"]
[Black "Simone"]
[Result "0-1"]
[WhiteElo "1694"]
[BlackElo "1709"]

1. Nf3 b6 2. g3 Bb7 3. Bg2 e5 4. O-O e4 5. Ne1 d5 6. d3 exd3 7. cxd3 c6 8. Nf3
Nd7 9. b3 Be7 10. Bb2 Ngf6 11. Re1 Qc7 12. Nbd2 b5 13. Qc2 h5 14. e4 Kf8 15. Ng5
dxe4 16. Bxf6 Bxf6 17. Nxf7 exd3 18. Qxd3 Kxf7 19. Qf5 Raf8 20. Bh3 Rd8 21. Rad1
Nf8 22. Ne4 Bc8 23. Nd6+ Rxd6 24. Qxc8 Qxc8 25. Bxc8 Rxd1 26. Rxd1 Be7 27. Bb7
c5 28. Bd5+ Kf6 29. h4 Ng6 30. a3 Rd8 31. Kg2 Ne5 32. f4 Ng4 33. Kf3 c4 34. bxc4
bxc4 35. Ke2 Bxa3 36. Bxc4 Rxd1 37. Kxd1 Ne3+ 0-1

[Event "Challenge"]
[Site "http://www.queenalice.com/game.php?id=122003"]
[Date "2006.10.26"]
[Round "-"]
[White "Mike36bh"]
[Black "Simone"]
[Result "1-0"]
[WhiteElo "1732"]
[BlackElo "1723"]

1. d4 d5 2. Nc3 e6 3. a3 h6 4. e4 dxe4 5. Nxe4 a6 6. Nf3 b6 7. Be2 Bb7 8. Bd3
Be7 9. c3 Bc6 10. Ne5 Bb7 11. Qf3 f5 12. Qh5+ Kf8 13. Qf7# 1-0

[Event "Challenge"]
[Site "http://www.queenalice.com/game.php?id=125360"]
[Date "2006.11.4"]
[Round "-"]
[White "Simone"]
[Black "Mike36bh"]
[Result "0-1"]
[WhiteElo "1724"]
[BlackElo "1667"]

1. e4 e5 2. Bb5 a6 3. Bc4 Nc6 4. Nf3 h6 5. a3 Nf6 6. d3 Bc5 7. h3 d6 8. c3 d5 9.
exd5 Nxd5 10. b4 Ba7 11. Qb3 Be6 12. O-O b5 13. Bxd5 Bxd5 14. Qd1 Qf6 15. Nbd2
O-O 16. Bb2 Qf5 17. Qc2 Rfe8 18. Rae1 Rad8 19. Nh4 Qg5 20. Nhf3 Qg6 21. Ne4 Be6
22. Kh2 Qh5 23. Ng3 Qg6 24. Ne4 a5 25. Bc1 Bd5 26. Be3 f5 27. Ned2 e4 28. dxe4
fxe4 29. Bxa7 Nxa7 30. bxa5 Qd6+ 31. Kh1 exf3 32. Nxf3 Bxf3 33. gxf3 Qxa3 34.
Ra1 Qf8 35. Kg2 Qf6 36. Rg1 Qg5+ 37. Kh2 Qf4+ 38. Rg3 Rd2 39. Qb3+ Kh8 40. Rf1
c5 41. Qa3 b4 42. cxb4 cxb4 43. Qa1 Qc7 44. Qa4 Ree2 45. Kg2 Qc5 46. h4 Rxf2+
47. Rxf2 Qxf2+ 48. Kh3 Qh2+ 49. Kg4 Rd4+ 50. f4 Qe2+ 51. Rf3 Qe6+ 52. Kg3 h5 53.
Qa1 Rd2 54. f5 Qd6+ 55. Rf4 Rd3+ 56. Kg2 Qxf4 57. Qe1 Qxf5 58. Qxb4 Qh3+ 59. Kg1
Qg3+ 60. Kf1 Qf3+ 61. Ke1 Rd1# 0-1

[Event "I Capivarando"]
[Site "http://www.queenalice.com/game.php?id=140022"]
[Date "2006.12.12"]
[Round "1"]
[White "Simone"]
[Black "CCapivara"]
[Result "0-1"]
[WhiteElo "1687"]
[BlackElo "1867"]

1. e4 d6 2. d4 Nf6 3. Nc3 c6 4. e5 dxe5 5. dxe5 Qxd1+ 6. Nxd1 Nfd7 7. Nf3 e6 8.
Be3 Be7 9. a3 O-O 10. h4 Rd8 11. Bd3 Nc5 12. Bxc5 Bxc5 13. O-O b6 14. Be4 Bb7
15. b4 Be7 16. c3 b5 17. Ne3 Nd7 18. Ng4 Nb6 19. g3 Rd7 20. Ra2 Rad8 21. Kg2 Nc4
22. Re1 a5 23. Ree2 a4 24. h5 Rd1 25. Nd4 Rc1 26. Rec2 Rxc2 27. Nxc2 Rd2 28. Kf1
f5 29. exf6 gxf6 30. Nge3 Nxe3+ 31. fxe3 f5 32. Bf3 Bg5 33. e4 c5 34. bxc5 fxe4
35. Be2 Bd5 36. Rb2 Bb3 37. c6 Bd8 38. Ke1 Rxc2 39. Rxc2 Bxc2 40. Bxb5 Bb6 41.
Bc4 Kf7 42. Kd2 Bb3 43. Bf1 Ke7 44. g4 Kf6 45. c4 Kg5 46. Be2 Kf4 47. Ke1 e5 48.
Kd2 e3+ 49. Kd3 e4+ 50. Kc3 Kg3 51. g5 Kf2 52. Bg4 e2 53. Bxe2 Kxe2 54. g6 hxg6
55. hxg6 Ba5+ 56. Kd4 Kd2 57. Kc5 Kc3 58. Kb5 Bc7 59. c5 e3 60. Ka6 e2 61. Kb7
Be5 62. c7 Be6 63. c6 e1=Q 64. c8=Q Bxc8+ 65. Kxc8 Qe4 0-1

[Event "Challenge"]
[Site "http://www.queenalice.com/game.php?id=141649"]
[Date "2006.12.14"]
[Round "-"]
[White "mrcoelho"]
[Black "Simone"]
[Result "1-0"]
[WhiteElo "1770"]
[BlackElo "1732"]

1. e4 e5 2. Nf3 d6 3. Bc4 Be7 4. Nc3 Nf6 5. d4 exd4 6. Nxd4 Bg4 7. Be2 Bd7 8. h3
a6 9. Bg5 h6 10. Bxf6 Bxf6 11. Qd2 Bg5 12. Qd3 Bf6 13. O-O Bh4 14. Nf5 Bxf5 15.
exf5 Nd7 16. Bh5 Ne5 17. Rae1 O-O 18. Qe4 Nc6 19. Nd5 Bf6 20. c3 Re8 21. Qc4 Be5
22. Nb4 Qd7 23. Bg4 Bf6 24. Bh5 b5 25. Qxc6 Qc8 26. Qd5 Rf8 27. Nc6 Qd7 28. Re2
Rae8 29. Rfe1 Rxe2 30. Rxe2 Kh7 31. Nd4 c5 32. Nf3 Kg8 33. Rd2 Rd8 34. h4 a5 35.
g4 Qe8 36. g5 hxg5 37. hxg5 Be7 38. g6 Kh8 39. gxf7 Qd7 40. Bg6 Bf6 41. Ne5 Bxe5
42. Qh1+ Bh2+ 43. Qxh2# 1-0

[Event "Vamos nessa!!!"]
[Site "http://www.queenalice.com/game.php?id=143239"]
[Date "2006.12.18"]
[Round "-"]
[White "Joseilton"]
[Black "Simone"]
[Result "0-1"]
[WhiteElo "1363"]
[BlackElo "1730"]

1. d4 d5 2. c4 dxc4 3. e3 Be6 4. Nc3 Qd7 5. Nf3 b5 6. a4 b4 7. Ne4 Bd5 8. Ned2
c3 9. bxc3 bxc3 10. Nc4 Nc6 11. Nfe5 Nxe5 12. Nxe5 Qe6 13. Be2 Bxg2 14. Rg1 Be4
15. Bc4 Bd5 16. Bxd5 Qxd5 17. Ra3 f6 18. Nd3 e6 19. Rxc3 Qd7 20. Nc5 Bxc5 0-1

[Event "hermanos"]
[Site "http://www.queenalice.com/game.php?id=143554"]
[Date "2006.12.19"]
[Round "-"]
[White "Simone"]
[Black "jose_scalise"]
[Result "1-0"]
[WhiteElo "1712"]
[BlackElo "1769"]

1. e4 e6 2. d4 d5 3. e5 c5 4. Be3 Nc6 5. Bb5 a6 6. Bxc6+ bxc6 7. dxc5 Qa5+ 8.
Qd2 Qb5 9. Qc3 Rb8 10. Bd4 Nh6 11. a4 Qb4 12. Ne2 Qxc3+ 13. bxc3 1-0

[Event "Simone X Chico"]
[Site "http://www.queenalice.com/game.php?id=154138"]
[Date "2007.1.15"]
[Round "-"]
[White "franfig"]
[Black "Simone"]
[Result "0-1"]
[WhiteElo "896"]
[BlackElo "1710"]

1. d4 d5 2. e3 a6 3. Nf3 Bg4 4. Be2 Nc6 5. Nc3 e6 6. O-O Bb4 7. Bd2 Bf5 8. a4 h5
9. Bd3 Bxd3 10. cxd3 Bd6 11. e4 dxe4 12. dxe4 Be7 0-1

[Event "Challenge"]
[Site "http://www.queenalice.com/game.php?id=156862"]
[Date "2007.1.21"]
[Round "-"]
[White "Mike36bh"]
[Black "Simone"]
[Result "1-0"]
[WhiteElo "1702"]
[BlackElo "1718"]

1. d4 d5 2. Nc3 Bf5 3. Bf4 Qd7 4. e3 a6 5. Nf3 Bg4 6. Be2 g6 7. Ne5 Bxe2 8. Qxe2
Qd8 9. e4 dxe4 10. Qxe4 c6 11. a3 Nf6 12. Qe3 Qa5 13. b4 Qd8 14. O-O Bg7 15.
Rad1 e6 16. h3 Nd5 17. Nxd5 cxd5 18. Bh6 O-O 19. Bxg7 Kxg7 20. Qg3 Qc7 21. Rc1
b5 22. f4 f6 23. Ng4 h5 24. Ne3 f5 25. c3 Nd7 26. Qg5 Nf6 27. c4 Ne4 28. Qh4 Nd2
29. Rf2 Nb3 30. Rb1 bxc4 31. g4 Rh8 32. gxf5 Qf7 33. fxg6 Kxg6 34. Rg2+ Kh6 35.
Ng4+ Kh7 36. Nf6+ Qxf6 37. Qxf6 Rhg8 38. Qf7+ Kh6 39. Rxg8 Rxg8+ 40. Qxg8 Nxd4
41. Qg5+ Kh7 42. Qxh5+ Kg7 43. Kf2 c3 44. Qe5+ Kf7 45. Qxd4 Ke7 46. Qxc3 1-0

[Event "Simone_Moisés"]
[Site "http://www.queenalice.com/game.php?id=157017"]
[Date "2007.1.21"]
[Round "-"]
[White "Simone"]
[Black "mecking"]
[Result "0-1"]
[WhiteElo "1678"]
[BlackElo "1771"]

1. b3 d5 2. e3 c5 3. Bb2 a6 4. c4 e6 5. Nf3 Nc6 6. cxd5 exd5 7. h3 Bf5 8. d3 Nf6
9. Be2 Be7 10. Nfd2 d4 11. e4 Be6 12. Nf3 Bd6 13. Bc1 O-O 14. Bd2 h6 15. g4 Nh7
16. Bc1 Ne5 17. Nxe5 Bxe5 18. Nd2 Qa5 19. Kf1 Qd8 20. Nf3 Bd6 21. e5 Bc7 22. Bd2
Bd5 23. Rg1 f6 24. exf6 Qxf6 25. g5 Nxg5 26. Bxg5 hxg5 27. Kg2 Rf7 28. Rf1 Qf4
29. Rh1 Raf8 30. Rc1 g4 31. hxg4 Qxg4+ 32. Kf1 Bxf3 33. Bxf3 Qxf3 34. Qxf3 Rxf3
35. Rc2 Bg3 36. a4 Rxf2+ 37. Rxf2 Rxf2+ 38. Kg1 Rd2 39. Rh5 Rxd3 40. Rxc5 Rxb3
41. Rc8+ Kh7 42. Rc4 Rb2 43. Kf1 d3 44. Rg4 Bf2 0-1

[Event "Challenge"]
[Site "http://www.queenalice.com/game.php?id=189811"]
[Date "2007.3.30"]
[Round "-"]
[White "val_si"]
[Black "Simone"]
[Result "1-0"]
[WhiteElo "1747"]
[BlackElo "1701"]

1. e4 c5 2. Bc4 e6 3. d4 cxd4 4. Qxd4 Nc6 5. Qd1 g6 6. b3 a6 7. Bb2 f6 8. Bc3 b5
9. Bd3 Be7 10. Qf3 Bb7 11. Nd2 Ba3 12. Ne2 Nge7 13. Nb1 Bd6 14. Nd2 g5 15. Bxf6
Bf4 16. c4 h6 17. Bxh8 Bxh2 18. Rxh2 Qb6 19. Bd4 Na5 20. Bxb6 1-0